[Event "VIE-ch U07"]
[Site "Ho Chi Minh City"]
[Date "2014.07.17"]
[Round "8"]
[White "Pham, Gia Phuc"]
[Black "Duong, Kien Khai"]
[Result "1-0"]
[WhiteElo "1376"]
[BlackElo "1401"]
[PlyCount "85"]
[EventDate "2014.07.13"]
[EventType "swiss"]
[EventRounds "9"]
[EventCountry "VIE"]
[SourceTitle "EXT 2016"]
[Source "ChessBase"]
[SourceDate "2015.10.08"]
[SourceVersion "1"]
[SourceVersionDate "2015.10.08"]
[SourceQuality "1"]

1. e4 e5 2. Nf3 Nc6 3. d4 exd4 4. Nxd4 Nb8 5. c3 Nf6 6. f3 d6 7. g3 g6 8. Bg2 Bg7 9. 0-0 0-0 10. g4 c5 11. Ne2 Nc6 12. h3 a6 13. Kf2 Ne8 14. Kg3 Be5+ 15. Bf4 Bg7 16. Be3 Be5+ 17. Bf4 Bg7 18. Nd2 Bf6 19. g5 Bg7 20. h4 f6 21. Qb3+ Kh8 22. Bh3 Bxh3 23. Kxh3 Qc8+ 24. Kg3 fxg5 25. hxg5 Na5 26. Qd1 Nc6 27. Rh1 Nc7 28. Qg1 Rf7 29. Qh2 Bf8 30. Nc4 Qd7 31. Nb6 Qd8 32. Nxa8 Nxa8 33. b4 cxb4 34. cxb4 Nxb4 35. Rab1 Nxa2 36. Qf2 Qa5 37. Rh3 Be7 38. Qh2 Nc3 39. Rh1 Nxe2+ 40. Kf2 Kg8 41. Rxh7 Nb6 42. Rh8+ Kg7 43. Qh7# 1-0

[Event "VIE-ch U07"]
[Site "Ho Chi Minh City"]
[Date "2014.07.13"]
[Round "1"]
[White "Trinh, Trung Hieu"]
[Black "Pham, Gia Phuc"]
[Result "0-1"]
[WhiteElo "1405"]
[BlackElo "1376"]
[PlyCount "76"]
[EventDate "2014.07.13"]
[EventType "swiss"]
[EventRounds "9"]
[EventCountry "VIE"]
[SourceTitle "EXT 2016"]
[Source "ChessBase"]
[SourceDate "2015.10.08"]
[SourceVersion "1"]
[SourceVersionDate "2015.10.08"]
[SourceQuality "1"]

1. e4 e5 2. Nf3 d6 3. h3 Nf6 4. Nc3 Be7 5. Bc4 0-0 6. 0-0 Nc6 7. d3 Na5 8. Nh2 Nxc4 9. dxc4 Be6 10. b3 b6 11. a4 a5 12. Nd5 Bxd5 13. exd5 h6 14. Qf3 Nd7 15. Qe2 Rc8 16. Be3 Nc5 17. Qd2 Bf6 18. Bxh6 Ne4 19. Qe3 Bg5 20. Bxg5 Nxg5 21. Rae1 Qf6 22. Ng4 Qg6 23. Qg3 Rfe8 24. Ne3 Ne4 25. Qxg6 fxg6 26. Ng4 Nd2 27. f4 Nxf1 28. Rxf1 exf4 29. Rxf4 Re1+ 30. Kh2 Rf8 31. Rxf8+ Kxf8 32. Nf2 Rc1 33. Ng4 Rxc2 34. Ne3 Rb2 35. h4 Rxb3 36. Nc2 Rc3 37. Na1 Rxc4 38. Kh3 Rxa4 0-1